Powiat żagański - Miasto Żagań
| Titel: | Powiat żagański - Miasto Żagań = Kreis Żagań : Stadt Żagań / Robert Romuald Kufel |
|---|---|
| Verfasser: | |
| Veröffentlicht: | Zielona Góra : Agencja Wydawnicza" PDN", 2024 |
| Umfang: | 153 Seiten : Illustrationen |
| Format: | Buch |
| Sprache: | Polnisch; Deutsch |
| Schriftenreihe/ mehrbändiges Werk: |
Cmentarze wyznaniowe do 1945 roku w granicach województwa lubuskiego / Robert Romuald Kufel ; Tom 19 alle Bände anzeigen
|
| ISBN: | 9788396032966 |
| Hinweise zum Inhalt: |
Inhaltsverzeichnis
Buch Bibliographie Cover Abstract |
alg: 51914985 001A $03004:14-06-24 001B $01999:04-12-25 $t22:14:41.000 001D $03004:14-06-24 001U $0utf8 001X $00 002@ $0AFu 002C $aText $btxt $2rdacontent 002C $aunbewegtes Bild $bsti $2rdacontent 002D $aohne Hilfsmittel zu benutzen $bn $2rdamedia 002E $aBand $bnc $2rdacarrier 003@ $0519149858 003O $01439157579 $aOCoLC 004A $A978-83-960329-6-6 007A $0519149858 $aHEB 007G $0DE020F9BE5AB939E1AAFFC1258A6F0043A07D 009P $qapplication/pdf $A2 $3Inhaltsverzeichnis $uhttp://scans.hebis.de/HEBCGI/show.pl?51914985_toc.pdf $mV:DE-603;B:DE-Mb50 009P $qapplication/pdf $A2 $3Buch Bibliographie $uhttp://scans.hebis.de/HEBCGI/show.pl?51914985_bib.pdf $mV:DE-603;B:DE-Mb50 009P $qapplication/pdf $A2 $3Cover $uhttp://scans.hebis.de/HEBCGI/show.pl?51914985_cov.pdf $mV:DE-603;B:DE-Mb50 009P $qapplication/pdf $A2 $3Abstract $uhttp://scans.hebis.de/HEBCGI/show.pl?51914985_sum.pdf $mV:DE-603;B:DE-Mb50 010@ $apol $ager 010E $erda 011@ $a2024 021A $aPowiat żagański - Miasto Żagań $dStadt Żagań $fKreis Żagań $hRobert Romuald Kufel 028A $BVerfasser $#Kufel, Robert R. $#Kufel, Robert $4aut $7 $8Kufel, Robert Romuald [Tnu] $921605091X 033A $pZielona Góra $nAgencja Wydawnicza" PDN" 034D $a153 Seiten 034M $aIllustrationen 036C $aCmentarze wyznaniowe do 1945 roku w granicach województwa lubuskiego $x219 $hRobert Romuald Kufel $lTom 19 036D $x219 $8Cmentarze wyznaniowe do 1945 roku w granicach województwa lubuskiego / Robert Romuald Kufel $9310242649 037A $aLiteraturverzeichnis Seite 147-[149] 044K $RSagan $RKreis Sprottau $#Landkreis Żagański $71041720629 $8Powiat Żagański [Tg1] $9331273438 044K $RSagan $#Zaháň $#Sagan $75057069-9 $8Żagań [Tg1] $9044717016 044K $RGräberfeld $RGrabmal $RGrab $#Cemeteries $#Cimetières $#Cimiteri $#Necrópolis $#Friedhof $#Gottesacker $#Kirchhof $#Friedhöfe $74018537-0 $8Friedhof [Ts1] $9085043907 lok: 51914985 24 exp: 51914985 24 1 #EPN 201B/01 $014-06-24 $t08:48:04.000 201C/01 $014-06-24 201U/01 $0utf8 203@/01 $01265433976 208@/01 $a14-06-24 $bz 209A/01 $a24.03102 $du $f050 $h24 03102 $x00 209C/01 $a24.03102 K $h24 03102 K 209G/01 $a74888879 $x00 220C/01 $ahae 247C/01 $8358050-7Marburg, Bibliothek des Herder-Instituts Marburg $9102600961 lok: 51914985 78 exp: 51914985 78 1 #EPN 201B/01 $004-06-25 $t17:08:14.000 201C/01 $004-06-25 201U/01 $0utf8 203@/01 $01305152344 208@/01 $a04-06-25 $be 209A/01 $a/ $f000 $x00 209A/01 $ab*p $x01 220C/01 $apgar 244Z/01 $#Generalgouvernement Polen $#Polska $#Rzeczpospolita Polska $#Polska Rzeczpospolita Ludowa $#Poland $#Pologne $#République Polonaise $#Generalne Gubernatorstwo w Polsce $#Polish People's Republic $#Polska Rzeczpospolita Polen $#PRL $#RP $#Polen Generalgouvernement $#Polska Generalgouvernement $#Besetzte Polnische Gebiete $#Besetztes Gebiet in Polen $#Okupowane Polskie Obszary $#Obszary Okupowane w Polsce $#Volksrepublik Polen $#Polska Rosyjska $#Republic Polen $#Respublika Pol'ša $#Pol'skaja Narodnaja Respublika $#République de Pologne $#Polen Links der Weichsel $#Polska po Lewej Stronie Wisły $#Lenkija $#Polija $#Gubernija Carstva Pol'skago $#Republik Polen $74046496-9 $8--Tg1--Polen $x01 $9085129801 244Z/01 $#Schlesien $#Schlesien $#Herzogtum Schlesien $#Herzogtum Schlesien Schlesien $#Provinz Schlesien $#Śla̜sk $#Slezsko $#Silesia $74052678-1 $8--Tg1--Schlesien $x02 $9085146781 247C/01 $82080>Marburg/Lahn, Herder-Institut, Forschungsbibliothek, Bibliographieportal $9336309341
| LEADER | 00000cam a2200000 cb4500 | ||
|---|---|---|---|
| 001 | 519149858 | ||
| 003 | DE-603 | ||
| 005 | 20251204221441.0 | ||
| 007 | tu | ||
| 008 | 240614s2024 xx |||| | u00||u|pol c | ||
| 020 | |a 9788396032966 | ||
| 035 | |a (DE-599)HEB519149858 | ||
| 035 | |a (OCoLC)1439157579 | ||
| 040 | |a DE-603 |b ger |c DE-603 |d DE-603 |e rda | ||
| 041 | |a pol |a ger | ||
| 100 | 1 | |a Kufel, Robert Romuald |e Verfasser |4 aut |0 (DE-603)21605091X | |
| 245 | 0 | 0 | |a Powiat żagański - Miasto Żagań |b = Kreis Żagań : Stadt Żagań |c Robert Romuald Kufel |
| 264 | 1 | |a Zielona Góra |b Agencja Wydawnicza" PDN" |c 2024 | |
| 300 | |a 153 Seiten |b Illustrationen | ||
| 336 | |a Text |b txt |2 rdacontent | ||
| 336 | |a unbewegtes Bild |b sti |2 rdacontent | ||
| 337 | |a ohne Hilfsmittel zu benutzen |b n |2 rdamedia | ||
| 338 | |a Band |b nc |2 rdacarrier | ||
| 490 | 1 | |a Cmentarze wyznaniowe do 1945 roku w granicach województwa lubuskiego / Robert Romuald Kufel |v Tom 19 | |
| 500 | |a Literaturverzeichnis Seite 147-[149] | ||
| 650 | 7 | |a Friedhof |0 (DE-588)4018537-0 |0 (DE-603)085043907 |2 gnd | |
| 651 | 7 | |a Powiat Żagański |0 (DE-588)1041720629 |0 (DE-603)331273438 |2 gnd | |
| 651 | 7 | |a Żagań |0 (DE-588)5057069-9 |0 (DE-603)044717016 |2 gnd | |
| 800 | 1 | |a Kufel, Robert Romuald |t Cmentarze wyznaniowe do 1945 roku w granicach województwa lubuskiego |v Tom 19 |w (DE-603)310242649 |9 219 |7 am | |
| 856 | 4 | 2 | |m V:DE-603;B:DE-Mb50 |q application/pdf |u http://scans.hebis.de/HEBCGI/show.pl?51914985_toc.pdf |3 Inhaltsverzeichnis |
| 856 | 4 | 2 | |m V:DE-603;B:DE-Mb50 |q application/pdf |u http://scans.hebis.de/HEBCGI/show.pl?51914985_bib.pdf |3 Buch Bibliographie |
| 856 | 4 | 2 | |m V:DE-603;B:DE-Mb50 |q application/pdf |u http://scans.hebis.de/HEBCGI/show.pl?51914985_cov.pdf |3 Cover |
| 856 | 4 | 2 | |m V:DE-603;B:DE-Mb50 |q application/pdf |u http://scans.hebis.de/HEBCGI/show.pl?51914985_sum.pdf |3 Abstract |
| 924 | 0 | |9 Mb 50 |a (DE-603)1265433976 |b DE-Mb50 |c HES |d c |g 24.03102 | |
| 924 | 0 | |9 2080 |a (DE-603)1305152344 |b DE-2080 |c HES |d d |g / | |
alle Bände anzeigen

